[Event "?"]
[Site "?"]
[Date "2017.11.05"]
[Round "3.3"]
[White "Lukas, Norbert"]
[Black "Gegenfurtner, Jürgen"]
[Result "0-1"]
[WhiteElo "2040"]
[BlackElo "2293"]
[PlyCount "116"]
[EventDate "2017.??.??"]
[WhiteTeam "SK Schweinfurt"]
[BlackTeam "SV Seubelsdorf"]

1. e4 e5 2. Nf3 Nc6 3. Bc4 Bc5 4. d3 Nf6 5. O-O d6 6. h3 a6 7. a4 Ba7 8. Nc3 h6
9. Be3 O-O 10. Qd2 Bxe3 11. Qxe3 Re8 12. Rad1 Be6 13. Bxe6 Rxe6 14. Nd5 Re8 15.
Nxf6+ Qxf6 16. c3 Rad8 17. b4 b6 18. b5 Ne7 19. c4 a5 20. Nd2 Qe6 21. f4 f5 22.
g4 exf4 23. Qxf4 fxe4 24. Qxe4 Ng6 25. Qxe6+ Rxe6 26. Rde1 Nf4 27. Rxe6 Nxe6
28. Nb3 Rf8 29. Rxf8+ Kxf8 30. d4 Nf4 31. Nc1 Nxh3+ 32. Kg2 Nf4+ 33. Kf3 g5 34.
Ke4 Kf7 35. Kf5 Ng2 36. Ke4 Nf4 37. Kf5 Ne6 38. Ke4 Ke7 39. Ne2 Ng7 40. Ng3 Ke6
41. Kd3 Ne8 42. Nf1 Nf6 43. Ne3 d5 44. c5 h5 45. gxh5 Nxh5 46. c6 Nf6 47. Ke2
Ne4 48. Kd3 Nd6 49. Ke2 Nf5 50. Nc2 g4 51. Kf2 Kf6 52. Ne1 Nxd4 53. Kg3 Kf5 54.
Nd3 Ne2+ 55. Kf2 Nc3 56. Kg3 Nxa4 57. Nf2 Nc3 58. Nxg4 Nxb5 0-1

[Event "?"]
[Site "?"]
[Date "2017.11.05"]
[Round "3.4"]
[White "Neubauer, Jaroslaus"]
[Black "Bräutigam, Thomas"]
[Result "1/2-1/2"]
[WhiteElo "2009"]
[BlackElo "2075"]
[PlyCount "23"]
[EventDate "2017.??.??"]
[WhiteTeam "SK Schweinfurt"]
[BlackTeam "SV Würzburg"]

1. e4 c5 2. c3 b6 3. d4 e6 4. Nf3 Be7 5. Be2 d6 6. O-O Nd7 7. Re1 Bb7 8. e5
dxe5 9. dxe5 Qc7 10. Bf4 Nh6 11. Na3 a6 12. Nc4 1/2-1/2

[Event "?"]
[Site "?"]
[Date "2017.11.05"]
[Round "3.5"]
[White "Andersen, Jens Knud"]
[Black "Meulner, Fabian"]
[Result "1/2-1/2"]
[WhiteElo "2186"]
[BlackElo "1993"]
[PlyCount "41"]
[EventDate "2017.??.??"]
[WhiteTeam "SK Mering"]
[BlackTeam "SW Nürnberg Süd"]

1. Nf3 g6 2. d4 Bg7 3. e4 d6 4. Bc4 e6 5. O-O a6 6. Bb3 Ne7 7. Be3 b6 8. c3 Bb7
9. Nbd2 h6 10. Ne1 Nd7 11. f4 d5 12. e5 c5 13. Nef3 Nf5 14. Bf2 h5 15. g3 Bf8
16. Kg2 Be7 17. h4 c4 18. Bc2 b5 19. Qe2 Nb6 20. Rfb1 Bc6 21. Bxf5 1/2-1/2

[Event "?"]
[Site "?"]
[Date "2017.11.05"]
[Round "3.6"]
[White "Haasner, Tom"]
[Black "Naundorf, Maik"]
[Result "0-1"]
[WhiteElo "1959"]
[BlackElo "2142"]
[PlyCount "86"]
[EventDate "2017.??.??"]
[WhiteTeam "TSV Rottendorf"]
[BlackTeam "Elberfelder SG"]

1. d4 Nf6 2. c4 c5 3. d5 b5 4. cxb5 a6 5. bxa6 g6 6. Nc3 Bg7 7. e4 O-O 8. Nf3
Qa5 9. Bd2 Bxa6 10. Be2 d6 11. O-O Bxe2 12. Qxe2 Qa6 13. Qxa6 Rxa6 14. Rfe1
Nbd7 15. h3 Rb8 16. Rab1 Ne8 17. a4 Nc7 18. Re2 Rab6 19. Nd1 Ra6 20. Nc3 Rb3
21. Be1 Nb6 22. Nd2 Rb4 23. e5 Nbxd5 24. exd6 exd6 25. Nxd5 Nxd5 26. Re8+ Bf8
27. b3 Nf6 28. Rd8 Rb7 29. Nc4 d5 30. Na5 Rd7 31. Rc8 Kg7 32. Nc6 Rb7 33. Ba5
Ne4 34. Nd8 Rd7 35. Bc7 Be7 36. f3 Nf6 37. Nb7 Rc6 38. a5 Rdxc7 39. Rxc7 Rxc7
40. a6 Nd7 41. Ra1 Nb6 42. Ra5 c4 43. Rb5 c3 0-1

[Event "?"]
[Site "?"]
[Date "2017.11.05"]
[Round "3.7"]
[White "Stadler, Alexander"]
[Black "Diller, Marianne"]
[Result "1-0"]
[WhiteElo "2130"]
[BlackElo "1904"]
[PlyCount "47"]
[EventDate "2017.??.??"]
[WhiteTeam "SC Vilshofen"]
[BlackTeam "SK Rothenburg"]

1. d4 d5 2. Bf4 Nf6 3. e3 e6 4. c3 Bd6 5. Bg3 O-O 6. Nd2 Nbd7 7. Ngf3 Re8 8.
Ne5 Bf8 9. f4 c5 10. Bd3 cxd4 11. exd4 Nxe5 12. fxe5 Nd7 13. O-O f5 14. exf6
Nxf6 15. Nf3 g6 16. Bh4 Be7 17. Ne5 Rf8 18. Qe2 Bd7 19. Rae1 Kg7 20. Rf2 Be8
21. Ref1 Qd6 22. Qe3 Bc6 23. Bg5 Ng8 24. Rf7+ 1-0

[Event "?"]
[Site "?"]
[Date "2017.11.05"]
[Round "3.8"]
[White "Nemetz, Markus"]
[Black "Ziegler, Michael"]
[Result "0-1"]
[WhiteElo "1943"]
[BlackElo "2117"]
[PlyCount "62"]
[EventDate "2017.??.??"]
[WhiteTeam "SV Mödling (Aut)"]
[BlackTeam "SC Prichsenstadt"]

1. d4 Nf6 2. c4 g6 3. Nc3 d5 4. Nf3 Bg7 5. h4 c6 6. Bg5 dxc4 7. e4 b5 8. e5 Nd5
9. h5 gxh5 10. Rxh5 Bg4 11. Rh4 Bf5 12. a4 Nxc3 13. bxc3 Nd7 14. Rf4 Bg6 15. e6
fxe6 16. Qe2 e5 17. Nxe5 Nxe5 18. dxe5 Qd5 19. Bf6 O-O 20. Rd4 Qe6 21. Bxg7
Kxg7 22. Qe3 a6 23. Be2 c5 24. Rh4 Rad8 25. axb5 axb5 26. f4 Qd5 27. f5 Rxf5
28. Rd1 Qa8 29. g4 Rxd1+ 30. Bxd1 Rf8 31. e6 Qe4 0-1

[Event "?"]
[Site "?"]
[Date "2017.11.05"]
[Round "3.9"]
[White "Feldheim, Jonas"]
[Black "Chen, Jiaoji"]
[Result "1-0"]
[WhiteElo "2087"]
[BlackElo "1923"]
[PlyCount "69"]
[EventDate "2017.??.??"]
[WhiteTeam "Spvgg Stetten"]
[BlackTeam "SV Würzburg"]

1. e4 c5 2. Nc3 e6 3. Nge2 a6 4. g3 b5 5. Bg2 Bb7 6. O-O Nc6 7. d4 cxd4 8. Nxd4
Qc7 9. Re1 Be7 10. e5 b4 11. Nxc6 Bxc6 12. Ne4 Qxe5 13. Bf4 Qxb2 14. Nd6+ Bxd6
15. Bxc6 dxc6 16. Qxd6 Ne7 17. Bg5 O-O 18. Bxe7 Rfc8 19. Qxb4 Qxc2 20. Qc5 Qa4
21. Bd6 a5 22. a3 Rd8 23. Rab1 h5 24. h4 Rd7 25. Rec1 Qe4 26. Qxc6 Qxc6 27.
Rxc6 Rad8 28. Rbb6 f6 29. Ra6 e5 30. Kg2 Kh7 31. Bc7 Rf8 32. Bxa5 f5 33. Rc7
Rd1 34. Raa7 Rg8 35. Bc3 1-0

[Event "?"]
[Site "?"]
[Date "2017.11.05"]
[Round "3.11"]
[White "Asadzade, Idris"]
[Black "Muskat, Gunter"]
[Result "1/2-1/2"]
[WhiteElo "1898"]
[BlackElo "2039"]
[PlyCount "29"]
[EventDate "2017.??.??"]
[WhiteTeam "Königsspringer Leverkusen"]
[BlackTeam "SG Büchenbach/Roth"]

1. c4 Nf6 2. Nf3 e6 3. g3 b6 4. Bg2 Bb7 5. O-O Be7 6. d4 O-O 7. Nc3 d6 8. Qc2
Nbd7 9. e4 Rc8 10. Rd1 a6 11. e5 Bxf3 12. Bxf3 Ne8 13. Qa4 c5 14. Ne4 cxd4 15.
exd6 1/2-1/2

[Event "?"]
[Site "?"]
[Date "2017.11.05"]
[Round "3.12"]
[White "von Zimmermann, Georg"]
[Black "Braun, Kristin"]
[Result "1/2-1/2"]
[WhiteElo "2071"]
[BlackElo "1832"]
[PlyCount "79"]
[EventDate "2017.??.??"]
[WhiteTeam "MSA Zugzwang"]
[BlackTeam "SC Forchheim"]

1. e4 c5 2. Nf3 d6 3. Bb5+ Bd7 4. Bxd7+ Qxd7 5. O-O Nc6 6. c3 d5 7. exd5 Qxd5
8. d4 e6 9. Qe2 cxd4 10. Rd1 Nf6 11. cxd4 Be7 12. Nc3 Qd8 13. Qb5 Qc7 14. Bf4
Qc8 15. Rac1 O-O 16. Ne5 Bd6 17. Qb3 Nh5 18. Be3 Nxe5 19. Ne4 Qb8 20. Nxd6 Ng4
21. Qb5 Qxd6 22. Qxh5 Nxe3 23. fxe3 Rfc8 24. Qb5 b6 25. g3 Kf8 26. Rc4 a6 27.
Qb3 b5 28. Rc3 Ke7 29. Rdc1 Kd7 30. Kf2 Qd5 31. Qxd5+ exd5 32. Rxc8 Rxc8 33.
Rxc8 Kxc8 34. Kf3 Kd7 35. e4 Ke6 36. e5 f6 37. exf6 Kxf6 38. b4 h5 39. h3 g5
40. g4 1/2-1/2

[Event "?"]
[Site "?"]
[Date "2017.11.05"]
[Round "3.13"]
[White "Drewes, Thomas"]
[Black "Lipinsky, Markus"]
[Result "0-1"]
[WhiteElo "1794"]
[BlackElo "2008"]
[PlyCount "36"]
[EventDate "2017.??.??"]
[WhiteTeam "SV Würzburg"]
[BlackTeam "SC Tarrasch München"]

1. d4 d5 2. Bf4 Nf6 3. e3 c5 4. c3 Nc6 5. Nd2 Bf5 6. Ngf3 e6 7. Ne5 cxd4 8.
exd4 a6 9. Be2 Ne4 10. Ndf3 Be7 11. Nxc6 bxc6 12. Qa4 Qb6 13. Ne5 O-O 14. Nxc6
Bh4 15. g3 Qxb2 16. O-O Nxc3 17. Qb3 Nxe2+ 18. Kh1 Qxb3 0-1

[Event "?"]
[Site "?"]
[Date "2017.11.05"]
[Round "3.14"]
[White "Kröncke, Manfred"]
[Black "Lichtmannecker, Daniel"]
[Result "1/2-1/2"]
[WhiteElo "2000"]
[BlackElo "1831"]
[PlyCount "82"]
[EventDate "2017.??.??"]
[WhiteTeam "SG Glückstadt"]
[BlackTeam "FC Ergolding"]

1. e4 e6 2. d3 d5 3. Nd2 c5 4. g3 Nc6 5. Bg2 Nf6 6. Ngf3 Be7 7. O-O O-O 8. Re1
b5 9. e5 Nd7 10. Nf1 Bb7 11. h4 a5 12. h5 a4 13. N1h2 b4 14. a3 bxa3 15. bxa3
Ba6 16. Ng4 c4 17. d4 Na5 18. Bd2 Rc8 19. Bc3 Nc6 20. Qd2 Na7 21. Ba5 Qe8 22.
h6 g6 23. c3 Nc6 24. Bb4 Nxb4 25. axb4 Bb5 26. Nfh2 Ra8 27. Nf1 Qc8 28. Nfe3
Nb6 29. Nc2 Bd7 30. Na3 Qc7 31. Nc2 Qd8 32. Qd1 Bc6 33. Na3 Bd7 34. f4 Re8 35.
Bf3 Qc7 36. Ra2 Ra6 37. Ne3 Bf8 38. Rh2 Be7 39. Qd2 Rf8 40. Qe2 Qd8 41. Qg2 Ra7
1/2-1/2

[Event "?"]
[Site "?"]
[Date "2017.11.05"]
[Round "3.15"]
[White "Diller, Peter"]
[Black "Neuwerth, Chulian"]
[Result "1-0"]
[WhiteElo "1976"]
[BlackElo "1790"]
[PlyCount "43"]
[EventDate "2017.??.??"]
[WhiteTeam "SK Rothenburg"]
[BlackTeam "SV Röhrnbach"]

1. e4 c5 2. f4 g6 3. Nf3 Bg7 4. Nc3 Nc6 5. Bc4 e6 6. O-O Nge7 7. a3 O-O 8. d3
d5 9. exd5 exd5 10. Ba2 Nd4 11. Ne2 Bg4 12. Nexd4 Bxd4+ 13. Kh1 Nf5 14. c3 Be3
15. Qb3 Bxf3 16. Rxf3 d4 17. g4 Qh4 18. Bxe3 Qxg4 19. Qxb7 Nxe3 20. Rg1 Qc8 21.
Qe4 Qf5 22. Rxe3 1-0

[Event "?"]
[Site "?"]
[Date "2017.11.05"]
[Round "3.16"]
[White "Lindner, Helmut"]
[Black "Eichenauer, Pascal"]
[Result "0-1"]
[WhiteElo "1910"]
[BlackElo "1720"]
[PlyCount "154"]
[EventDate "2017.??.??"]
[WhiteTeam "SC Prichsenstadt"]
[BlackTeam "SV Würzburg"]

1. e4 c5 2. Nc3 e6 3. f4 d5 4. Bb5+ Bd7 5. Bxd7+ Qxd7 6. d3 dxe4 7. dxe4 Qxd1+
8. Nxd1 Nc6 9. c3 e5 10. Nf3 Bd6 11. fxe5 Nxe5 12. Nxe5 Bxe5 13. Nf2 O-O-O 14.
Be3 b6 15. Ke2 Nf6 16. Nd3 Rhe8 17. Bg5 h6 18. Bxf6 Bxf6 19. Nf2 Be5 20. g3 f5
21. Ke3 g5 22. Rad1 f4+ 23. gxf4 Bxf4+ 24. Ke2 Rxd1 25. Rxd1 Bxh2 26. Rh1 Bg3
27. Rxh6 Bxf2 28. Kxf2 Rxe4 29. Rg6 g4 30. Rg7 Ra4 31. a3 Rf4+ 32. Ke3 Rf3+ 33.
Ke2 Rh3 34. Rxg4 Rh2+ 35. Kd3 Rxb2 36. Kc4 Kb7 37. Rg7+ Ka6 38. Rf7 Ra2 39. Kb3
Rh2 40. a4 Rh8 41. Rg7 Rb8 42. Kc4 Rb7 43. Rg5 Ka5 44. Kb3 Rh7 45. Rg4 Rb7 46.
Rg5 Rc7 47. Rf5 Re7 48. Rf4 a6 49. Rc4 Re5 50. Rg4 b5 51. axb5 axb5 52. Rf4 c4+
53. Ka3 Re3 54. Kb2 Ka4 55. Rf2 Rh3 56. Rg2 b4 57. cxb4 Kxb4 58. Kc1 Rc3+ 59.
Kb2 Ra3 60. Rg4 Ra7 61. Kc2 Ra2+ 62. Kb1 Rh2 63. Rg8 Kb3 64. Rb8+ Kc3 65. Rg8
Rh1+ 66. Ka2 Kc2 67. Rg2+ Kc1 68. Rf2 Rd1 69. Ka3 Rd3+ 70. Kb4 c3 71. Rf1+ Kb2
72. Rf2+ Rd2 73. Rf3 c2 74. Rb3+ Kc1 75. Rh3 Rd8 76. Kc3 Rc8+ 77. Kb3 Kb1 0-1

[Event "?"]
[Site "?"]
[Date "2017.11.05"]
[Round "3.17"]
[White "Heppert, Lars"]
[Black "von Kortzfleisch, Ruben"]
[Result "1-0"]
[WhiteElo "1904"]
[BlackElo "1677"]
[PlyCount "59"]
[EventDate "2017.??.??"]
[WhiteTeam "SK Neuburg"]
[BlackTeam "SF Bad Mergentheim"]

1. c4 e6 2. g3 d5 3. Bg2 Nf6 4. Nf3 Be7 5. b3 O-O 6. Bb2 Nbd7 7. O-O b6 8. d4
Bb7 9. Nc3 c5 10. cxd5 Nxd5 11. dxc5 Nxc3 12. Bxc3 Nxc5 13. Qc1 Bf6 14. Rd1 Qe7
15. Ne5 Bxg2 16. Kxg2 Rac8 17. Qe3 Qb7+ 18. f3 Rfd8 19. Bd4 Rd5 20. Nc4 Rcd8
21. Bxf6 gxf6 22. Rdc1 Qa6 23. Qh6 f5 24. Rc2 Nxb3 25. Re1 Na5 26. Nb2 Nb7 27.
Nd3 Qa3 28. Nf4 R5d7 29. Nh5 Qf8 30. Nf6+ 1-0

[Event "?"]
[Site "?"]
[Date "2017.11.05"]
[Round "3.18"]
[White "Prieb, Robert"]
[Black "Pohl, Steffen"]
[Result "0-1"]
[WhiteElo "1742"]
[BlackElo "1904"]
[PlyCount "120"]
[EventDate "2017.??.??"]
[WhiteTeam "SG Bochum"]
[BlackTeam "SK Schwanstetten"]

1. d4 Nf6 2. c4 c5 3. d5 b5 4. Nd2 bxc4 5. e4 d6 6. Bxc4 g6 7. b3 Bg7 8. Bb2
O-O 9. h3 a5 10. a4 Na6 11. Ngf3 Nb4 12. O-O Ba6 13. Re1 Qc7 14. Bxa6 Rxa6 15.
Nc4 Rb8 16. Na3 Qb7 17. Qe2 Qc8 18. Nd2 Ra7 19. Ndc4 Qd8 20. Nb5 Rd7 21. Rad1
Ne8 22. Bxg7 Kxg7 23. e5 dxe5 24. Qxe5+ f6 25. Qg3 Rxd5 26. Rxe7+ Qxe7 27. Rxd5
Rxb5 28. axb5 Nxd5 29. b6 f5 30. b7 Qxb7 31. Qe5+ Nef6 32. Nd6 Qe7 33. Qg3 Kf8
34. Nc4 Qe1+ 35. Kh2 Qe7 36. Kg1 f4 37. Qf3 Qe4 38. Qd1 Qd4 39. Qe1 Qe4 40. Qd1
a4 41. Nb6 Qd4 42. Qxd4 cxd4 43. Nxa4 Ke7 44. Nc5 Kd6 45. Nd3 g5 46. Kf1 Nd7
47. Ke2 Nc5 48. Nc1 Kc6 49. Kd2 Kb5 50. Kc2 Nb4+ 51. Kd2 Nc6 52. Kc2 Kb4 53. g3
f3 54. h4 gxh4 55. gxh4 Ne5 56. Na2+ Kb5 57. Nc1 Ne4 58. Kd1 Nxf2+ 59. Ke1
Nfd3+ 60. Nxd3 Nxd3+ 0-1

[Event "?"]
[Site "?"]
[Date "2017.11.05"]
[Round "3.19"]
[White "Meyer, Nico"]
[Black "Astner, Sebastian"]
[Result "0-1"]
[WhiteElo "1610"]
[BlackElo "1864"]
[PlyCount "78"]
[EventDate "2017.??.??"]
[WhiteTeam "SC Bechhofen"]
[BlackTeam "FC Ergolding"]

1. e4 Nc6 2. Nf3 Nf6 3. e5 Nd5 4. d4 d6 5. c4 Nb6 6. exd6 exd6 7. Be3 Be7 8.
Be2 O-O 9. O-O Bf6 10. Qd2 Re8 11. Nc3 Bf5 12. a3 a5 13. b3 h6 14. Rad1 Nd7 15.
Nd5 Be4 16. Nxf6+ Nxf6 17. d5 Bxf3 18. Bxf3 Ne5 19. Be2 Qd7 20. f4 Neg4 21.
Bxg4 Nxg4 22. Rf3 Re4 23. h3 Nxe3 24. Rxe3 Rxe3 25. Qxe3 Re8 26. Qd2 Qe7 27.
Kf1 Qe3 28. Qxe3 Rxe3 29. Re1 Rxb3 30. Re8+ Kh7 31. Rc8 Rxa3 32. Rxc7 Rb3 33.
c5 a4 34. cxd6 a3 35. d7 a2 36. d8=Q a1=Q+ 37. Kf2 Qd4+ 38. Ke2 Re3+ 39. Kf2
Qxf4+ 0-1

[Event "?"]
[Site "?"]
[Date "2017.11.05"]
[Round "3.20"]
[White "Homi, Joseph"]
[Black "Orf, Niklas"]
[Result "0-1"]
[WhiteElo "1850"]
[BlackElo "1127"]
[PlyCount "120"]
[EventDate "2017.??.??"]
[WhiteTeam "SGem Fürth"]
[BlackTeam "SK Bad Neustadt"]

1. e4 d6 2. d4 Nf6 3. Nc3 Nbd7 4. Bc4 e5 5. Nf3 Be7 6. Ng5 O-O 7. Bxf7+ Rxf7 8.
Ne6 Qe8 9. Nxc7 Qd8 10. Nxa8 b6 11. dxe5 dxe5 12. Be3 Bb7 13. Nxb6 axb6 14. f3
Qc8 15. O-O Bc5 16. Qd2 g5 17. Bxc5 Qxc5+ 18. Qf2 Qb4 19. Rab1 Nxe4 20. Nxe4
Bxe4 21. Qe3 Bxc2 22. Qxg5+ Rg7 23. Qd8+ Nf8 24. Rbc1 Bf5 25. Qd5+ Be6 26. Qxe5
Qd2 27. g4 Bxg4 28. fxg4 Rxg4+ 29. Qg3 Rxg3+ 30. hxg3 Ne6 31. Rc8+ Kg7 32. Rf2
Qe1+ 33. Kg2 Qe4+ 34. Kh2 Qg4 35. Rc3 Ng5 36. Rc7+ Kg6 37. Rc6+ Kh5 38. Rcf6
Qh3+ 39. Kg1 Qxg3+ 40. Kf1 Qd3+ 41. Kg2 Qd5+ 42. Kf1 Qh1+ 43. Ke2 Qe4+ 44. Kd2
Qe5 45. Kc1 Kg4 46. Rg2+ Kh3 47. Rff2 h5 48. Rd2 Qf4 49. Rgf2 Nf3 50. Kd1 Qxd2+
51. Rxd2 Nxd2 52. Kxd2 Kg3 53. Kc3 h4 54. Kb4 h3 55. Kb5 h2 56. Kxb6 h1=Q 57.
a4 Qa1 58. a5 Qxb2+ 59. Ka7 Qg2 60. a6 Qc6 0-1

[Event "?"]
[Site "?"]
[Date "2017.11.05"]
[Round "3.21"]
[White "Brückner, Alexander"]
[Black "Schneider, Dominik"]
[Result "1/2-1/2"]
[WhiteElo "1838"]
[BlackElo "1819"]
[PlyCount "97"]
[EventDate "2017.??.??"]
[WhiteTeam "SF Augsburg"]
[BlackTeam "vereinslos"]

1. e4 e6 2. d4 d5 3. Nd2 Be7 4. Bd3 c5 5. c3 Nc6 6. dxc5 Bxc5 7. Nb3 Bb6 8.
exd5 Qxd5 9. Nf3 Nf6 10. O-O O-O 11. Qc2 h6 12. h3 e5 13. Re1 Bxh3 14. c4 Qd7
15. Nxe5 Nxe5 16. Rxe5 Rfd8 17. Be2 Bg4 18. Be3 Bxe3 19. Rxe3 Bxe2 20. Qxe2 Re8
21. Rc1 b6 22. Qf3 Rxe3 23. Qxe3 Re8 24. Qf3 a5 25. c5 bxc5 26. Nxc5 Qb5 27. b3
Re2 28. a4 Qe8 29. Nd3 Qe4 30. Qxe4 Nxe4 31. Rc8+ Kh7 32. f3 Rd2 33. Ne5 Rd1+
34. Kh2 Nd2 35. Rb8 Rb1 36. Nxf7 Rxb3 37. Rh8+ Kg6 38. Ne5+ Kf5 39. Nc6 Ra3 40.
Rf8+ Kg5 41. Nxa5 Rxa4 42. Nc6 Rf4 43. Rd8 Nxf3+ 44. gxf3 Rxf3 45. Nd4 Re3 46.
Rf8 Kg4 47. Rf7 g6 48. Rf6 Kg5 49. Ra6 1/2-1/2

[Event "?"]
[Site "?"]
[Date "2017.11.05"]
[Round "3.23"]
[White "Porstendörfer, Yannik"]
[Black "Rauth, Markus"]
[Result "0-1"]
[WhiteElo "1231"]
[BlackElo "1744"]
[PlyCount "88"]
[EventDate "2017.??.??"]
[WhiteTeam "SK Klingenberg"]
[BlackTeam "SV Germania Erlenbach"]

1. e4 c5 2. Nf3 d6 3. d4 cxd4 4. Nxd4 Nf6 5. Nc3 a6 6. Be3 e5 7. Nf3 Be7 8. Bd3
b5 9. a3 Bb7 10. Nd2 Nbd7 11. f3 d5 12. exd5 Nxd5 13. Nxd5 Bxd5 14. Qe2 O-O 15.
O-O-O Qa5 16. Be4 Bxe4 17. Nxe4 Nf6 18. Bd2 Qb6 19. Nxf6+ Bxf6 20. g4 g6 21. h4
a5 22. g5 Bh8 23. h5 b4 24. hxg6 fxg6 25. Qh2 Ra7 26. a4 Qc6 27. b3 Rc7 28. Be3
Rxf3 29. Rhf1 Rc8 30. Rh1 Rf7 31. Rd2 Qc3 32. Rd3 Qxd3 33. Bb6 Rf1+ 34. Rxf1
Qxf1+ 35. Kd2 Qf5 36. Kd1 Qd7+ 37. Kc1 Rf8 38. Qe2 Qd5 39. Qa6 Qh1+ 40. Kd2
Qg2+ 41. Ke3 Qxg5+ 42. Ke4 Qg2+ 43. Ke3 Rf3+ 44. Ke4 Rc3# 0-1

[Event "?"]
[Site "?"]
[Date "2017.11.05"]
[Round "3.24"]
[White "Krammer, Werner"]
[Black "Abou Wally, Adrian"]
[Result "1-0"]
[WhiteElo "1665"]
[BlackElo "1121"]
[PlyCount "69"]
[EventDate "2017.??.??"]
[WhiteTeam "SK Kriegshaber"]
[BlackTeam "SV Schott Jena"]

1. e4 e5 2. Nf3 Nc6 3. Bc4 Bc5 4. d3 Nf6 5. Bg5 d6 6. Nc3 Bg4 7. Nd5 Nd4 8. b4
Bb6 9. c3 Nxf3+ 10. gxf3 Be6 11. Nxb6 axb6 12. Bxe6 fxe6 13. f4 exf4 14. Bxf4
Nd7 15. Qh5+ g6 16. Qh6 Qf6 17. d4 O-O-O 18. Bg5 Qf8 19. Qxf8 Rdxf8 20. Ke2 e5
21. Raf1 Rf7 22. Bh6 Re8 23. f3 Nf6 24. d5 Ng8 25. Be3 Ref8 26. Rf2 h6 27. Rhf1
g5 28. Rh1 Rf6 29. h4 gxh4 30. Rxh4 c5 31. b5 Kb8 32. f4 exf4 33. Rhxf4 Rxf4
34. Bxf4 Kc7 35. Bxd6+ 1-0

[Event "?"]
[Site "?"]
[Date "2017.11.05"]
[Round "3.25"]
[White "Lipinsky, Pierre"]
[Black "Diller, Andreas"]
[Result "0-1"]
[WhiteElo "1200"]
[BlackElo "1885"]
[PlyCount "86"]
[EventDate "2017.??.??"]
[WhiteTeam "SC Tarrasch München"]
[BlackTeam "SK Rothenburg"]

1. e4 e6 2. d4 d5 3. Nc3 Nf6 4. Bg5 Be7 5. e5 Nfd7 6. Bxe7 Qxe7 7. f4 a6 8. Nf3
c5 9. dxc5 Nxc5 10. Bd3 Nc6 11. O-O b5 12. Ne2 Qa7 13. Kh1 Bd7 14. Ned4 Nxd4
15. Nxd4 Na4 16. b3 Nc3 17. Nc6 Bxc6 18. Qd2 d4 19. a3 O-O 20. Qf2 Be4 21. Bxe4
Nxe4 22. Qh4 f5 23. exf6 Rxf6 24. Rae1 Nd6 25. Rf3 Nf5 26. Qg5 Rg6 27. Qh5 Qb7
28. Ref1 Qe4 29. g4 Ne3 30. R1f2 Nxg4 31. Rf1 Qxc2 32. Rg1 Rh6 33. Qxh6 Nxh6
34. Rh3 Qe4+ 35. Rg2 Rc8 36. Kg1 Rc1+ 37. Kf2 Qxf4+ 38. Rf3 Rc2+ 39. Kg1 Qxf3
40. Rxc2 Qd1+ 41. Kg2 Qxc2+ 42. Kh3 Qe2 43. a4 Qg4# 0-1

[Event "?"]
[Site "?"]
[Date "2017.11.05"]
[Round "3.26"]
[White "Kaptan, Cagatay"]
[Black "Löw, Leonid"]
[Result "1-0"]
[WhiteElo "1691"]
[BlackElo "1272"]
[PlyCount "125"]
[EventDate "2017.??.??"]
[WhiteTeam "vereinslos"]
[BlackTeam "Allersberger SC"]

1. Nf3 Nc6 2. d4 d5 3. c4 e6 4. Nc3 Nf6 5. e3 Bd7 6. Be2 g6 7. O-O Bg7 8. Bd2
O-O 9. cxd5 exd5 10. Rc1 Re8 11. a3 a6 12. Na4 Ne4 13. Nc5 Nxd2 14. Qxd2 Rb8
15. Nxd7 Qxd7 16. Rc2 Ne7 17. Rfc1 c6 18. Qb4 Nf5 19. Qd2 Nd6 20. Qd1 Ne4 21.
Nd2 Nxd2 22. Rxd2 h5 23. Bd3 Re6 24. b4 Qe7 25. Qf3 Rf6 26. Qg3 Qd6 27. Qxd6
Rxd6 28. f4 f5 29. a4 Re6 30. Kf2 Rbe8 31. Re2 Kf7 32. b5 axb5 33. axb5 cxb5
34. Rc7+ R8e7 35. Rxe7+ Kxe7 36. Bxb5 b6 37. Rc2 Kd8 38. Rc6 Ke7 39. Rc7+ Kf6
40. Rd7 Bh6 41. Rxd5 Re7 42. Rd6+ Re6 43. Rd7 g5 44. g3 gxf4 45. gxf4 Re7 46.
Rxe7 Kxe7 47. Kg3 Kd6 48. Bd3 Ke6 49. Kh4 Bf8 50. Kxh5 Kf6 51. Kh4 Ba3 52. Kg3
Bb2 53. Kf2 Bc3 54. h4 Bb4 55. h5 Bf8 56. Ke2 Kg7 57. Bxf5 b5 58. Kd3 Kf6 59.
Bg6 b4 60. Kc4 Ke6 61. e4 Kd7 62. d5 Kd8 63. e5 1-0

[Event "?"]
[Site "?"]
[Date "2017.11.05"]
[Round "3.27"]
[White "Hammerl, Jonas"]
[Black "Köhler, Michael"]
[Result "1-0"]
[WhiteElo "1622"]
[BlackElo "1614"]
[PlyCount "115"]
[EventDate "2017.??.??"]
[WhiteTeam "FC Ergolding"]
[BlackTeam "SC Prichsenstadt"]

1. d4 Nf6 2. c4 e6 3. Nf3 Bb4+ 4. Bd2 Be7 5. Nc3 d5 6. g3 O-O 7. Bg2 c5 8. cxd5
exd5 9. h3 Nc6 10. Be3 b6 11. O-O Bb7 12. Rc1 Rc8 13. dxc5 bxc5 14. Na4 d4 15.
Bg5 Ne4 16. Bxe7 Qxe7 17. Nd2 Nxd2 18. Qxd2 Nd8 19. b3 Bxg2 20. Kxg2 Ne6 21.
Rc4 Qb7+ 22. Kg1 Rc6 23. Rfc1 Rfc8 24. R1c2 R8c7 25. Nb2 Qc8 26. Nd3 f6 27. h4
Kf7 28. Qc1 Kg8 29. Kh2 g6 30. b4 a6 31. Nxc5 Nxc5 32. Rxc5 Rxc5 33. Rxc5 Rxc5
34. bxc5 Qe6 35. c6 Kf7 36. c7 Qc8 37. Qc6 a5 38. a4 Ke7 39. Qc5+ Kd7 40. Qxa5
Qxc7 41. Qxc7+ Kxc7 42. g4 Kb6 43. Kg3 Ka5 44. Kf4 Kxa4 45. Ke4 Kb5 46. Kxd4
Kc6 47. e4 Kd6 48. f4 Ke6 49. e5 h5 50. g5 fxg5 51. fxg5 Kf5 52. Kd5 Kg4 53. e6
Kxh4 54. e7 Kxg5 55. e8=Q h4 56. Qe4 Kh5 57. Ke5 g5 58. Kf5 1-0

[Event "?"]
[Site "?"]
[Date "2017.11.05"]
[Round "3.28"]
[White "Porstendörfer, Eric"]
[Black "Mikota, Paul"]
[Result "1/2-1/2"]
[WhiteElo "1253"]
[BlackElo "1547"]
[PlyCount "105"]
[EventDate "2017.??.??"]
[WhiteTeam "SK Klingenberg"]
[BlackTeam "SK Kriegshaber"]

1. e4 d6 2. d4 Nf6 3. Nc3 e5 4. dxe5 dxe5 5. Qxd8+ Kxd8 6. Bg5 Bd6 7. O-O-O h6
8. Bxf6+ gxf6 9. Nb5 Kd7 10. Bc4 Rf8 11. Nf3 a6 12. Nxd6 cxd6 13. Nh4 Ke7 14.
Rd2 Nc6 15. Rhd1 Rd8 16. Bb3 Na5 17. Rd3 Nxb3+ 18. Rxb3 b5 19. Rf1 Be6 20. Rg3
Rg8 21. Rxg8 Rxg8 22. g3 Rc8 23. a3 a5 24. f4 Rc4 25. fxe5 fxe5 26. Nf5+ Bxf5
27. exf5 h5 28. h3 Kf6 29. Kd2 d5 30. b3 Rc8 31. g4 h4 32. Rf3 d4 33. c3 dxc3+
34. Rxc3 Rxc3 35. Kxc3 Kg5 36. Kd2 Kf4 37. Ke1 e4 38. Ke2 b4 39. axb4 axb4 40.
Kf2 Ke5 41. Ke3 f6 42. Kf2 Kf4 43. Ke2 e3 44. Kf1 Ke4 45. Ke1 Kf4 46. Ke2 Ke4
47. g5 Kxf5 48. gxf6 Kxf6 49. Kxe3 Ke5 50. Ke2 Ke4 51. Kd2 Kf3 52. Kd3 Kg3 53.
Ke3 1/2-1/2

[Event "?"]
[Site "?"]
[Date "2017.11.05"]
[Round "3.29"]
[White "Glok, David"]
[Black "Mock, Gabriel"]
[Result "0-1"]
[WhiteElo "1021"]
[BlackElo "1405"]
[PlyCount "82"]
[EventDate "2017.??.??"]
[WhiteTeam "SK München Südost"]
[BlackTeam "FC Ergolding"]

1. e4 c5 2. Nf3 e6 3. d4 cxd4 4. Nxd4 a6 5. Nc3 Qc7 6. g3 Bb4 7. Qf3 Bxc3+ 8.
Qxc3 Qxc3+ 9. bxc3 Nf6 10. Bg2 d5 11. exd5 Nxd5 12. Bxd5 exd5 13. O-O O-O 14.
Ba3 Re8 15. Rfe1 Be6 16. Re2 Nc6 17. Rae1 Nxd4 18. cxd4 Rec8 19. f3 Rc3 20. Bd6
Rac8 21. Rc1 R8c6 22. Bf4 Rxf3 23. Rb1 b6 24. Kg2 Rfc3 25. Rb2 h6 26. h4 Kh7
27. h5 Bg4 28. Rf2 Bxh5 29. Rd2 Bg6 30. Bb8 Rxc2 31. Ba7 b5 32. Bc5 Rxd2+ 33.
Rxd2 Rf6 34. a3 Be4+ 35. Kh2 Rf1 36. g4 Kg6 37. Be7 Rf3 38. Kg1 Rd3 39. Rc2
Rd1+ 40. Kf2 Bxc2 41. Ke3 Re1+ 0-1

[Event "?"]
[Site "?"]
[Date "2017.11.05"]
[Round "3.30"]
[White "Nicola, Marius"]
[Black "Memmel, Stefan"]
[Result "1/2-1/2"]
[WhiteElo "840"]
[BlackElo "1386"]
[PlyCount "91"]
[EventDate "2017.??.??"]
[WhiteTeam "SK Schweinfurt"]
[BlackTeam "SK Schweinfurt"]

1. c4 Nf6 2. d4 e5 3. dxe5 Ne4 4. Nf3 Nc6 5. Qd5 Bb4+ 6. Bd2 Nxd2 7. Nbxd2 Qe7
8. a3 Bxd2+ 9. Qxd2 Nxe5 10. Nxe5 Qxe5 11. e3 d6 12. Qd4 Qxd4 13. exd4 b6 14.
O-O-O O-O 15. h4 c5 16. d5 Bf5 17. f3 h6 18. g4 Bh7 19. Bd3 Rfe8 20. Bxh7+ Kxh7
21. Rde1 f6 22. Re6 Rxe6 23. dxe6 Re8 24. Re1 g6 25. e7 Kg7 26. Re6 Kf7 27.
Rxd6 Rxe7 28. Rd3 g5 29. hxg5 hxg5 30. Kc2 Ke8 31. Kb3 Rd7 32. Re3+ Re7 33.
Rxe7+ Kxe7 34. Ka4 a6 35. b4 cxb4 36. axb4 Kd6 37. b5 axb5+ 38. Kxb5 Kc7 39. c5
bxc5 40. Kxc5 Kd7 41. Kd5 Ke7 42. Ke4 Ke6 43. f4 gxf4 44. Kxf4 Kf7 45. g5 fxg5+
46. Kxg5 1/2-1/2